LEADER 02273nam 2200373 n 450 001 996391737603316 005 20200824121742.0 035 $a(CKB)4940000000106654 035 $a(EEBO)2264198056 035 $a(UnM)99860201e 035 $a(UnM)99860201 035 $a(EXLCZ)994940000000106654 100 $a19850617d1656 uy | 101 0 $aeng 135 $aurbn||||a|bb| 200 12$aA plain and easie calculation of the [brace] name, mark, and number of the name [brace] of the beast$b[electronic resource] $eWherein these three points are declared: first, the name (in the apocalyptical style) is no other, but the universal headship of the beast, opposed to the name, power, and headship of the lamb. Secondly, the number, in the same style, is the number of years to the setting up of this name or headship; in which respect it is called, the number of the name. Thirdly, the truth of the exposition is cleared, by agreement of all particulars, both in the text, and in the whole prophecy; and by the event of things, a sure interpreter of prophecy. /$fHumbly presented to the studious observers of scripture prophecies, God's work, and the times, by Nathaniel Stephens, minister of Fenny-Drayton in Leicestershire. Whereunto isprefixed, an commendatory epistle, written by Mr. Edm. Calamy 210 $aLondon $cPrinted by Ja: Cottrel, for Matth: Keynson, at the Fountain; Nath: Heathcoat, at the gilded Acorn; and Hen: Fletcher, at the three gilt Cups in S. Pauls Church-yard$d1656 215 $a[22], 305, [1] p 300 $a"Name, .. Number of the Name" enclosed in curly brackets on title page. 300 $aAnnotation on Thomason copy: "May 13". 300 $aReproductions of the original in the Union Theological Seminary, New York, and the British Library. 330 $aeebo-0216 606 $aAntichrist$vEarly works to 1800 615 0$aAntichrist 700 $aStephens$b Nathaniel$f1606?-1678.$01013949 701 $aCalamy$b Edmund$f1600-1666.$01002065 801 0$bCu-RivES 801 1$bCu-RivES 801 2$bCStRLIN 801 2$bWaOLN 906 $aBOOK 912 $a996391737603316 996 $aA plain and easie calculation of the name, mark, and number of the name brace of the beast$92392825 997 $aUNISA LEADER 02404nam 2200421z- 450 001 9910557854803321 005 20230221131412.0 010 $a961-05-0342-X 035 $a(CKB)5400000000048265 035 $a(oapen)https://directory.doabooks.org/handle/20.500.12854/80063 035 $a(EXLCZ)995400000000048265 100 $a20202204d2012 |y 0 101 0 $aslv 135 $aurmn|---annan 181 $ctxt$2rdacontent 182 $cc$2rdamedia 183 $acr$2rdacarrier 200 10$aHistori?ni seminar 10 210 $aLjubljana$cZRC SAZU, Zalo?ba ZRC$d2012 215 $a1 electronic resource (211 p.) 311 $a961-254-401-8 330 $aKnjiga z okroglo ?tevilko 10 je lu? sveta ugledala v jubilejnem 20. letu delovanja Histori?nega seminarja ZRC SAZU. Na podlagi predavanj v ciklu je nastalo devet za monografijo predelanih, raz?irjenih in z znanstvenim aparatom opremljenih razprav. K. Oder pi?e o razvoju ?elezarne Ravne in njenem pomenu za ?ivljenje kraja, A. Loren?i? pa razlaga in ocenjuje gospodarski razvoj na?e mlade dr?ave. E. Papa-Pandelejmoni osvetljuje zgodovinsko dogajanje med 2. svetovno vojno v Albaniji. ?. Ledinek Lozej predstavlja kaminske kuhinje, ki so bile od 19. do sredine 20. stoletja raz?irjene na pode?elju Vipavske doline. M. Kemperl pi?e o Francu Greinu st., mojstru sakralnega stavbarstva na Celjskem. P. Farinelli na primeru Tabucchijeve pripovedi I pomeriggi del sabato osvetljuje zna?ilnosti fantasti?nega v delih italijanskih avtorjev 20. stoletja. J. Habjan s pomo?jo zgodb o Sherlocku Holmesu razlaga, zakaj je Moretti mol?al o razlogih sodobnikov za uvrstitev t. i. detektivke s klju?i v literarni kanon. M. Michelizza poka?e, katere zna?ilnosti spleta vplivajo na jezik in jezikoslovje, T. Novak in B. Dolenc pa obravnavata problematiko prepoznavanja in zdravljenja bipolarne motnje. 606 $aHistory: theory & methods$2bicssc 610 $acollective volume 610 $acultural history 610 $ahistoriography 610 $ahistory 610 $akulturna zgodovina 610 $azborniki 610 $azgodovina 610 $azgodovinopisje 615 7$aHistory: theory & methods 700 $a?ter$b Katarina$4edt$01296187 702 $a?ter$b Katarina$4oth 906 $aBOOK 912 $a9910557854803321 996 $aHistori?ni seminar 10$93023871 997 $aUNINA